Incultura de la cultura /
Na minha lista:
| Autor principal: | |
|---|---|
| Formato: | Texto |
| Assuntos: | |
| Tags: |
Adicionar Tag
Sem tags, seja o primeiro a adicionar uma tag!
|
MARC
| LEADER | 00000 a a2200000 04500 | ||
|---|---|---|---|
| 001 | 9661 | ||
| 003 | |||
| 040 | |||
| 100 | |a Maestre, Agapito | ||
| 245 | |a Incultura de la cultura / |c Agapito Maestre | ||
| 650 | |a COMENTARIOS | ||
| 650 | |a INDUSTRIA DE LA CULTURA | ||
| 650 | |a POLITICOS | ||
| 650 | |a CRISIS SOCIAL | ||
| 773 | |g volumen 7, número 32; páginas 13 | ||
| 999 | |c 20422 |d 20422 | ||
